Epidemiología y control de los parásitos gastrointestinales de los ovinos /

Guardado en:
Autor Principal: Donald, A. D.
Otros Autores: Southcott, W. H., Dineen, J. k.
Formato: Libro
Publicado: Montevideo : Hemisferio Sur, s/f
Etiquetas: Agregar Etiqueta
Sin Etiquetas, Sea el primero en etiquetar este registro!
LEADER 01554nam a22001815a 4500
001 CEM.cems017590
005 20110518103608.0
008 130507b######################000#0#####d
003 CEMS
082 0 4 |a 636.089 
100 1 |a Donald, A. D. 
245 1 0 |a Epidemiología y control de los parásitos gastrointestinales de los ovinos /  |c Coordinado Por A. D. Donald, W. H. Southcott y J. K. Dineen 
260 |a Montevideo :  |b Hemisferio Sur, s/f 
300 |a 225 p. 
505 0 |a El clima y la distribución de los lanares -- Las especies parasitarias y sus ciclos vitales -- Patogenia de la perdida de producción en la parasitosis gastrointestinal / L. E. A. Symons y J. W. Steel -- Epidemiología y control de las infestaciones por nemotodes / N. Anderson, K. M. Dash, A. D. Donald, W. H. Southcott y P. J. Waller -- Manejo de pasturas y control de los parásitos en el lanar / I. A. Barger -- Epidemiología y control de la distomatosis hepática en el ovino / I. A. Barger, K. M. Dash y W. H: Southcott -- Antihelminticos en ovinos / R. K. Prichard -- Resistencia antihelmintica en los nematodes gastrointestinales del ovino / L. F. Le Jambre -- Naturleza y rol del control inmunológico en las helmintiasis gastrointestinales / J. K. Dineen -- Factores genéticos del húesped en el control de los parásitos / L. F. Le Jambre -- Evaluación de la implicancia económica de las parasitosis gastrointestinales en los ovinos / R. S. Morris 
700 1 |a Southcott, W. H. 
700 1 |a Dineen, J. k. 
859 |a CEMS  |b BIB. CEMS - Agricultura  |h 636.089  |i D714  |p A1372.11  |t Ej.1